Largest Navies in the World - Statistics

General Stats
  • This quiz has been taken 33 times
    11 since last reset
  • The average score is 17 of 20
Answer Stats
# of Ships Country % Correct
777 China
100%
708,886 China
100%
173,549 Italy
100%
603 Russia
100%
845,739 Russia
100%
178,710 South Korea
100%
367,850 United Kingdom
100%
490 United States
100%
3,415,893 United States
100%
319,195 France
89%
282 Indonesia
89%
413,800 Japan
89%
492 North Korea
89%
316 Egypt
78%
285 India
78%
317,725 India
78%
398 Iran
78%
151,662 Taiwan
67%
292 Thailand
56%
453 Colombia
22%
No matching quizzes found
Score Distribution
Percent of People with Each Score
Percentile by Number Answered
Your Score History
You have not taken this quiz since the last reset